000 00545nam a2200169 i 4500
001 83333
003 ES-MaACL
005 20230906174818.0
007 t|
008 041112s1979 sp ||||1| spa d
245 0 0 _aEstadística de préstamos hipotecarios
_b: 1977 /
_cInstituto Nacional de Estadística.
260 _a[Madrid :
_bs.n.,
_c1979]
300 _a35 p. ;
_c27 cm.
650 4 _aHipotecas-
_zEspaña-
_vEstadísticas.
_9164629
710 2 _aInstituto Nacional de Estadística (España)
_95162
852 _aES-MaACL
_j2112-F-30
_bR.99313
999 _c83333
_d83333